| 000 | 01015cam a22003137a 4500 | ||
|---|---|---|---|
| 003 | CHAP | ||
| 005 | 20220329141128.0 | ||
| 008 | 971010d1980 mx a r 00110 spa d | ||
| 010 | _a63066 | ||
| 011 | _a64038 | ||
| 020 | _a9681801342 | ||
| 035 | _a69063 | ||
| 040 | _cCHAP | ||
| 082 | 0 | 4 |
_a574.5 _bS88Y |
| 100 | 0 | 0 |
_aSutton, David B. _9110807 |
| 245 | 1 | 0 |
_aFundamentos de ecología _c/por David B. Sutton |
| 260 |
_aMéxico, D.F. : _bLimusa, _c1996. |
||
| 300 |
_a293 p. : _bilus. ; gráfs. |
||
| 590 |
_aBATCH-UPD _b10 _c20130110 _lUCH01 _h0317 |
||
| 590 |
_aBATCH-UPD _b10 _c20130110 _lUCH01 _h1804 |
||
| 590 |
_aBATCH-UPD _b10 _c20130409 _lUCH01 _h2350 |
||
| 590 |
_aBATCH-UPD _b10 _c20130914 _lUCH01 _h1228 |
||
| 590 |
_aCONVERSION _b10 _c20130109 _lUCH01 _h1334 |
||
| 650 | 1 | 4 |
_aEcología. _935134 |
| 901 | _aBK | ||
| 942 | _cLIBRO | ||
| 949 |
_a574.5 S88Y _bBC _cLIBRO _d33724000738324 _eLIBRO _h78605 _i69063 _si _t$59.00 |
||
| 949 |
_a574.5 S88Y _bBC _cLIBRO _d33724000777868 _eLIBRO _fc.2 _gI. c/e _h97735 _i69063 _si _t64.00 |
||
| 999 |
_c63066 _d63066 |
||